ਅੰਮ੍ਰਿਤਬਾਣੀ ਸਤਿਗੁਰੂ ਰਵਿਦਾਸ ਜੀ ਮਹਾਰਾਜ ਜੀ / (Record no. 70969)

MARC details
000 -LEADER
fixed length control field 01137nam a22002657a 4500
005 - DATE AND TIME OF LATEST TRANSACTION
control field 2009080405165.0
008 - FIXED-LENGTH DATA ELEMENTS--GENERAL INFORMATION
fixed length control field 090728t xxu||||| |||| 00| 0 pun d
010 ## - LCCN (DPL NO)
LC control number PUN-7421
020 ## - INTERNATIONAL STANDARD BOOK NUMBER
Terms of availability 120.00
035 ## - SYSTEM CONTROL NUMBER
System control number PN-6539
037 ## - SOURCE OF ACQUISITION
Source of stock number/acquisition DBAD / PUB/Sri Ravidas Trust
040 ## - CATALOGING SOURCE
Original cataloging agency dpl
Language of cataloging PN
082 ## - DEWEY DECIMAL CLASSIFICATION NUMBER
Classification number 230.44
100 ## - MAIN ENTRY--PERSONAL NAME
9 (RLIN) 37323
Personal name ਬਾਵਾ,ਸੁਰਿੰਦਰ ਦਾਸ
245 ## - TITLE STATEMENT
Title ਅੰਮ੍ਰਿਤਬਾਣੀ ਸਤਿਗੁਰੂ ਰਵਿਦਾਸ ਜੀ ਮਹਾਰਾਜ ਜੀ /
Statement of responsibility, etc ਸੁਰਿੰਦਰ ਦਾਸ ਬਾਵਾ
246 ## - VARYING FORM OF TITLE
Title proper/short title Amritbaani Satguru Ravidas Maharaj ji
Remainder of title by Surinder Das Bawa
260 ## - PUBLICATION, DISTRIBUTION, ETC. (IMPRINT)
Place of publication, distribution, etc Varansi
Name of publisher, distributor, etc Sri Guru RavidasTrust
Date of publication, distribution, etc 2011
270 ## - ADDRESS
City Varansi (U.P.)
Address Sri Guru Ravidas janam sthaan public chritable trust
300 ## - PHYSICAL DESCRIPTION
Extent 352ਪਂ;
Other physical details 21ਸੇਂਮੀ(ਸਜਿਲਦ)
650 ## - SUBJECT ADDED ENTRY--TOPICAL TERM
9 (RLIN) 37324
650 ## - SUBJECT ADDED ENTRY--TOPICAL TERM
9 (RLIN) 37325
700 ## - ADDED ENTRY--PERSONAL NAME
9 (RLIN) 52947
942 ## - ADDED ENTRY ELEMENTS (KOHA)
Source of classification or shelving scheme Dewey Decimal Classification
Item type Punjabi Bks
Classification part 230.44
Call number suffix ਬਾਵਾਸੁ
Holdings
Withdrawn status Lost status Source of classification or shelving scheme Damaged status Not for loan Collection code Home library Current library Date acquired Source of acquisition Cost, normal purchase price Total Checkouts Full call number Barcode Date last seen Copy number Cost, replacement price Koha item type
    Dewey Decimal Classification     Non-fiction D.B.Act.Division D.B.Act.Division 16/10/2012 DBAD / PUB 120.00   230.44 ਬਾਵਾਸੁ PN-6539 16/10/2012 1 120.00 Punjabi Bks

© Delhi Public Library
Hit Counter
free hit counter